000
00225nam a22000857a 4500
008
161022b xxu||||| |||| 00| 0 eng d
100
_9
921
_a
George.M.etal
245
_a
Social Science-VI
260
_a
New Delhi
_b
MEB Publications
_c
2012
999
_c
3576
_d
3576